000 00496nam a2200169 i 4500
001 27980
003 ES-MaACL
005 20230906153735.0
007 t|
008 030116s1929 po ||||1| por d
100 1 _aBaiao, Antonio.
_924675
245 1 0 _aPortugal
_b: o Arquivo Nacional da Torre do Tombo /
_cAntonio Baiao.
260 _aLisboa :
_b[s.n.,
_c1929] (
_fImp. Nacional)
300 _a36 p. ;
_c25 cm.
740 0 _aArquivo Nacional da Torre do Tombo.
852 _aES-MaACL
_j1744-F-21
999 _c27980
_d27980